| 000 | 00752nam a2200229 i 4500 | ||
|---|---|---|---|
| 001 | 15948 | ||
| 003 | ES-MaACL | ||
| 005 | 20250808062718.0 | ||
| 007 | t| | ||
| 008 | 000525s1999 sp ||||1| spa d | ||
| 020 | _a84-7914-419-X | ||
| 080 | _a21 | ||
| 100 | 1 |
_aCabada Castro, Manuel. _933055 |
|
| 245 | 1 | 3 |
_aEl Dios que da que pensar _b: acceso filosófico-antropológico a la divinidad / _cManuel Cabada Castro. |
| 260 |
_aMadrid : _bBiblioteca de Autores Cristianos, _c1999. |
||
| 300 |
_aXXXV, 586 p. ; _c20 cm. |
||
| 490 | 1 |
_aBiblioteca de autores cristianos ; _v597 |
|
| 650 | 4 |
_aReligión- _xFilosofía _916799 |
|
| 830 | 0 | 0 |
_aBiblioteca de autores cristianos _v597 _9178679 |
| 852 |
_aES-MaACL _jJ-584 _bR.127515 |
||
| 999 |
_c15948 _d15948 |
||